| 000 | 01004nam a2200241 i 4500 | ||
|---|---|---|---|
| 001 | 139714 | ||
| 003 | ES-MaACL | ||
| 005 | 20250727062611.0 | ||
| 007 | t| | ||
| 008 | 191031q2004 sp s |||| | spa d | ||
| 100 | 1 |
_aEspinar Lafuente, Francisco. _947847 |
|
| 245 | 1 | 0 |
_aHumanismo y socialismo [ _hRecurso electrónico] _b: conferencia con coloquio : guión, Ateneo de Madrid, 8 enero 2004 / _cFrancisco Espinar Lafuente. |
| 260 |
_a[Madrid : _bAteneo de Madrid, _c2004] |
||
| 300 |
_a[8 p. ; _c30 cm] |
||
| 594 | _aConferencia pronunciada por el autor en el Ateneo de Madrid, cuyo texto donó a la Biblioteca. | ||
| 610 | 2 | 4 |
_aAteneo de Madrid- _vConferencias- _y2000- _9168597 |
| 610 | 2 | 4 |
_aAteneo de Madrid- _vObras digitalizadas. _91930 |
| 650 | 0 | 4 |
_aHumanismo (Filosofía) _913505 |
| 650 | 0 | 7 |
_aSocialismo _2embne _917147 |
| 710 | 2 |
_aAteneo de Madrid. _91875 |
|
| 856 |
_uhttps://www.ateneodemadrid.com/old/biblioteca_digital/folletos/Edpr-002.pdf _zVer documento |
||
| 999 |
_c139714 _d139714 |
||